[Event "Krakow Olimpic op"]
[Site "Krakow"]
[Date "2019.10.06"]
[Round "5"]
[White "Jasiak, Filip"]
[Black "Bus, Konrad"]
[Result "1/2-1/2"]
[WhiteElo "1849"]
[BlackElo "2260"]
[PlyCount "56"]
[EventDate "2019.10.04"]
[EventType "swiss"]
[EventRounds "5"]
[EventCountry "POL"]
[SourceTitle "EXT 2020"]
[Source "ChessBase"]
[SourceDate "2019.10.17"]
[SourceVersion "1"]
[SourceVersionDate "2019.10.17"]
[SourceQuality "1"]

1. d4 Nf6 2. c4 e6 3. Nc3 Bb4 4. Qc2 0-0 5. Nf3 c5 6. e3 d5 7. Bd2 cxd4 8. exd4 b6 9. a3 Bxc3 10. Bxc3 Ba6 11. c5 Bxf1 12. Kxf1 Ne4 13. b4 bxc5 14. dxc5 Nc6 15. g3 Nxc3 16. Qxc3 d4 17. Qb3 e5 18. b5 Na5 19. Qb4 Qd5 20. Kg2 Nb3 21. Rad1 Nxc5 22. Rhe1 Rfe8 23. a4 Rad8 24. Rxe5 Rxe5 25. Rxd4 Ne6 26. Rxd5 Rexd5 27. Qa5 R8d7 28. Qa6 R5d6 1/2-1/2

[Event "Krakow Olimpic op"]
[Site "Krakow"]
[Date "2019.10.05"]
[Round "3"]
[White "Jasiak, Filip"]
[Black "Sygulski, Piotr"]
[Result "1/2-1/2"]
[WhiteElo "1849"]
[BlackElo "1531"]
[PlyCount "69"]
[EventDate "2019.10.04"]
[EventType "swiss"]
[EventRounds "5"]
[EventCountry "POL"]
[SourceTitle "EXT 2020"]
[Source "ChessBase"]
[SourceDate "2019.10.17"]
[SourceVersion "1"]
[SourceVersionDate "2019.10.17"]
[SourceQuality "1"]

1. d4 d5 2. c4 e6 3. Nc3 Nf6 4. Nf3 Be7 5. Bf4 0-0 6. e3 c5 7. Rc1 Nc6 8. Be2 dxc4 9. Bxc4 cxd4 10. exd4 a6 11. a4 Nd5 12. Be5 Nxe5 13. dxe5 Nxc3 14. bxc3 Qc7 15. Qb3 b5 16. axb5 axb5 17. Bxb5 Bb7 18. Qc4 Qxc4 19. Bxc4 Rfc8 20. Be2 Ra5 21. 0-0 Bxf3 22. Bxf3 Rxe5 23. Rfd1 Rc7 24. c4 g6 25. g3 Kg7 26. Rc2 Bc5 27. Kg2 Be7 28. Rb1 Rec5 29. Be2 Bf8 30. Rcb2 Be7 31. Rb5 Kf6 32. Rb8 Rc8 33. R1b7 Rxb8 34. Rxb8 Rc7 35. Rb5 1/2-1/2

[Event "Krakow op-B 22nd"]
[Site "Krakow"]
[Date "2012.01.03"]
[Round "8"]
[White "Jasiak, Filip"]
[Black "Wozniak, Mariola"]
[Result "0-1"]
[WhiteElo "1802"]
[BlackElo "1858"]
[PlyCount "45"]
[EventDate "2011.12.27"]
[EventType "swiss"]
[EventRounds "9"]
[EventCountry "POL"]
[SourceTitle "CBM 146 Extra"]
[Source "ChessBase"]
[SourceDate "2012.02.29"]
[SourceVersion "1"]
[SourceVersionDate "2012.02.29"]
[SourceQuality "1"]

1. d4 Nf6 2. c4 g6 3. Nc3 Bg7 4. Nf3 0-0 5. e3 d6 6. Bd3 c5 7. dxc5 dxc5 8. h3 Nc6 9. a3 Nd7 10. Qc2 Nce5 11. Nxe5 Nxe5 12. Be2 b6 13. f4 Nc6 14. Bf3 Bb7 15. 0-0 e5 16. Rd1 Qh4 17. Qa4 Na5 18. Bxb7 Nxb7 19. Bd2 exf4 20. exf4 Rfe8 21. Re1 Nd6 22. Qc6 Rac8 23. Qa4 0-1

[Event "Krakow op-B 22nd"]
[Site "Krakow"]
[Date "2011.12.27"]
[Round "1"]
[White "Jasiak, Filip"]
[Black "Waterfield, John"]
[Result "1/2-1/2"]
[WhiteElo "1802"]
[BlackElo "2008"]
[PlyCount "59"]
[EventDate "2011.12.27"]
[EventType "swiss"]
[EventRounds "9"]
[EventCountry "POL"]
[SourceTitle "CBM 146 Extra"]
[Source "ChessBase"]
[SourceDate "2012.02.29"]
[SourceVersion "1"]
[SourceVersionDate "2012.02.29"]
[SourceQuality "1"]

1. d4 Nf6 2. c4 c5 3. Nf3 cxd4 4. Nxd4 e5 5. Nb3 d5 6. e3 Bb4+ 7. Bd2 Bxd2+ 8. N1xd2 0-0 9. Be2 Nc6 10. 0-0 Qe7 11. Rc1 Be6 12. f4 dxc4 13. Bxc4 Bxc4 14. Rxc4 Nd5 15. Qf3 Nb6 16. Rcc1 Rfd8 17. f5 Nb4 18. Ne4 f6 19. Qg4 Nd3 20. Rb1 Rac8 21. Ned2 Rc2 22. h4 a5 23. Qd1 Rdc8 24. Nc4 R2xc4 25. Qxd3 a4 26. Na5 Rd8 27. Qa3 Rc7 28. Qxe7 Rxe7 29. Rfd1 Rxd1+ 30. Rxd1 1/2-1/2

[Event "World School-ch U15 7th"]
[Site "Krakow"]
[Date "2011.05.02"]
[Round "3"]
[White "Jasiak, Filip"]
[Black "Samusenko, Maksim"]
[Result "0-1"]
[WhiteElo "1798"]
[BlackElo "2104"]
[PlyCount "108"]
[EventDate "2011.04.30"]
[EventType "swiss"]
[EventRounds "9"]
[EventCountry "POL"]
[SourceTitle "CBM 142 Extra"]
[Source "ChessBase"]
[SourceDate "2011.06.27"]
[SourceVersion "1"]
[SourceVersionDate "2011.06.27"]
[SourceQuality "1"]

1. d4 Nf6 2. Nf3 d6 3. c4 Nbd7 4. Nc3 e5 5. e4 Be7 6. Be2 0-0 7. 0-0 c6 8. b3 Qe8 9. Re1 Bd8 10. Ba3 Ba5 11. b4 Bb6 12. dxe5 dxe5 13. c5 Bc7 14. Bc4 b5 15. Bb3 a5 16. Qe2 Nb8 17. Bc1 axb4 18. Nd1 Na6 19. Qc2 Qe7 20. Be3 Bg4 21. h3 Bxf3 22. gxf3 Nh5 23. Kh2 Rad8 24. Rg1 Nf4 25. Nb2 Ne6 26. Nd3 Nd4 27. Qd1 Kh8 28. Qc2 Kg8 29. Qd1 Kh8 30. Rc1 Rd7 31. Bxd4 Rxd4 32. Qc2 Rfd8 33. Rgd1 Qd7 34. Nb2 Bb8 35. Kg2 Qe7 36. Nd3 Ba7 37. Kh2 f6 38. Kg2 Qd7 39. Nb2 Nxc5 40. Rxd4 exd4 41. Nd3 Nxd3 42. Qxd3 c5 43. Bd5 c4 44. Qb1 Qd6 45. a4 Bb8 46. Rh1 bxa4 47. Qc2 c3 48. Qxa4 d3 49. Qb5 c2 50. f4 d2 51. Qf1 Qxf4 52. Qb5 c1Q 53. Rxc1 dxc1Q 54. Qa5 Qh1+ 0-1

[Event "Wch U20 49th"]
[Site "Chotowa"]
[Date "2010.08.11"]
[Round "8"]
[White "Gator, Mosab"]
[Black "Jasiak, Filip"]
[Result "1-0"]
[WhiteElo "2121"]
[BlackElo "1757"]
[PlyCount "106"]
[EventDate "2010.08.03"]
[EventType "swiss"]
[EventRounds "13"]
[EventCountry "POL"]
[SourceTitle "CBM 137 Extra"]
[Source "ChessBase"]
[SourceDate "2010.09.01"]
[SourceVersion "1"]
[SourceVersionDate "2010.09.01"]
[SourceQuality "1"]

1. e4 c5 2. Nf3 e6 3. d4 cxd4 4. Nxd4 Nc6 5. Nc3 a6 6. Be2 Nge7 7. Nb3 b5 8. a3 d6 9. Bg5 Bb7 10. 0-0 h6 11. Bh4 Qd7 12. Bg3 Nc8 13. f4 Be7 14. f5 0-0 15. Nc5 Qd8 16. Nxb7 Qb6+ 17. Kh1 Qxb7 18. fxe6 fxe6 19. Bg4 Nd8 20. Bf3 e5 21. Nd5 Nb6 22. Nxe7+ Qxe7 23. Qd3 Nb7 24. Rad1 Rac8 25. Bg4 Nc5 26. Qe2 Rcd8 27. Bf5 Ne6 28. Qh5 Nd4 29. Rxd4 exd4 30. Qg6 Rxf5 31. exf5 Nd5 32. Re1 Qf7 33. Bf2 Qxg6 34. fxg6 Nf4 35. Bxd4 Nxg6 36. Kg1 Kf7 37. Re3 Ne5 38. Bxe5 dxe5 39. Rxe5 Rd1+ 40. Kf2 Rb1 41. b4 Rb2 42. Rc5 Ra2 43. Rc3 h5 44. Kg3 g6 45. Kf4 Ra1 46. Rc7+ Kf8 47. Rc3 Kg7 48. Kg5 Rg1 49. Rc7+ Kg8 50. g3 Rg2 51. Kxg6 Kf8 52. Kxh5 Rxh2+ 53. Kg5 Rh3 1-0